000 00648nam a2200205Ii 4500
003 JO-AjNU
008 230605s9999||||xx |||||||||||||| ||und||
040 _aJO-AjNU
_bara
_erda
_cJO-AjNU
041 _aara
050 1 4 _aQB43.2.A2266 1992
100 3 _aعبدالهادي ، محمد,
_eauthor
_940273
245 0 0 _aعلم الفلك
264 3 1 _aالرياض:دار الكتب الاسلامية ،1992
300 _a218ص
336 _atext
_btxt
_2rdacontent
337 _aunmediated
_bn
_2rdamedia
338 _avolume
_bnc
_2rdacarrier
490 0 _aعلم الفلك والرياضيات والعلوم
650 4 _aالفلك
_940274
999 _aA17076
_c20644
_d20644